000 00625nam a2200157 a 4500
008 160125s2011 ||||||||||||||||| || u
020 _a9789350251898
050 _aRK 55.C5 Sri
100 _aSrivastava, Vinay Kumar
245 1 0 _aModern pediatric dentistry
_cBy Vinay Kumar Srivastava
260 _aNew Delhi:
_bJaypee Brothers Medical publishers
_c2011
300 _axxvi, 364p.: ill.
350 _a80.00
650 _aPEDODONTICS
995 _aMICHAEL CHILUFYA SATA OPEN ACCESS
_e903588
_FCBU-SCHOOL OF MEDICINE LIBRARY (Ndola)
_I80.00
_jRK 55.C5 Sri
_M1
_UAVAILABLE
_WJan 27, 2016
_y903588
_ZMedical Library Open Access Collection
999 _c32086
_d32086